BOOKLYST MASTER PHYSICS GRADE 10 (Record no. 216752)

MARC details
000 -LEADER
fixed length control field 00513nam a22001697a 4500
008 - FIXED-LENGTH DATA ELEMENTS--GENERAL INFORMATION
fixed length control field 260303b |||||||| |||| 00| 0 eng d
020 ## - INTERNATIONAL STANDARD BOOK NUMBER
International Standard Book Number 978-9914-51-153-6
050 ## - LIBRARY OF CONGRESS CALL NUMBER
Classification number QC 23 .N95 2026
100 ## - MAIN ENTRY--PERSONAL NAME
Personal name NZIOKI, JOSEPH
245 ## - TITLE STATEMENT
Title BOOKLYST MASTER PHYSICS GRADE 10
260 ## - PUBLICATION, DISTRIBUTION, ETC.
Place of publication, distribution, etc. NAIROBI
Name of publisher, distributor, etc. BOOKLYST PRESS LIMITED
Date of publication, distribution, etc. 2026
300 ## - PHYSICAL DESCRIPTION
Extent 316 P, ILL
650 ## - SUBJECT ADDED ENTRY
Topical term or geographic name entry element PHYSICS- TEXTBOOKS PHYSICS- STUDY AND TEACHING( SECONDARY)
700 ## - ADDED ENTRY--PERSONAL NAME
Personal name CHUMO, JOHN MAKUNGU, LILIAN
942 ## - ADDED ENTRY ELEMENTS (KOHA)
Source of classification or shelving scheme Library of Congress Classification
Koha item type Long Loan Book
Holdings
Withdrawn status Lost status Source of classification or shelving scheme Damaged status Not for loan Collection Home library Current library Shelving location Date acquired Inventory number Total checkouts Full call number Barcode Date last seen Copy number Price effective from Koha item type
    Library of Congress Classification     Science & Technology Kisii University Library Kisii University Library On Display 03/03/2026 112248   QC 23 .N95 2026 A000582 03/03/2026 1 03/03/2026 Long Loan Book
    Library of Congress Classification     Science & Technology Kisii University Library Kisii University Library On Display 03/03/2026 112249   QC 23 .N95 2026 A000581 03/03/2026 2 03/03/2026 Long Loan Book
    Library of Congress Classification     Science & Technology Kisii University Library Kisii University Library On Display 03/03/2026 112250   QC 23 .N95 2026 A000584 03/03/2026 3 03/03/2026 Long Loan Book
    Library of Congress Classification     Science & Technology Kisii University Library Kisii University Library On Display 03/03/2026 112251   QC 23 .N95 2026 A000583 03/03/2026 4 03/03/2026 Long Loan Book
    Library of Congress Classification     Science & Technology Kisii University Library Kisii University Library On Display 03/03/2026 112252   QC 23 .N95 2026 A000586 03/03/2026 5 03/03/2026 Long Loan Book